书目信息 |
| 题名: |
中国矿情
|
|
| 作者: | 朱训 主编 | |
| 分册: | 第一卷 | |
| 出版信息: | 北京 科学出版社 1999.7 |
|
| 页数: | 639页 | |
| 开本: | 16开 | |
| 丛书名: | ||
| 单 册: | ||
| 中图分类: | F426.1 | |
| 科图分类: | ||
| 主题词: | 工业经济--中国 | |
| 电子资源: | ||
| ISBN: | 7-03-007149-2 | |
| 000 | 00649nam0 2200205 45 | |
| 001 | 0102270899 | |
| 005 | 20031219104048.6 | |
| 010 | @a7-03-007149-2@b精装@dCNY98.00 | |
| 100 | @a20010227d1999 km y0chiy0120 ea | |
| 101 | 0 | @achi |
| 105 | @a z 000yy | |
| 200 | 1 | @a中国矿情@h第一卷@AZhong Guo Kuang Qing@e总论.能源矿产@EZong Lun.Neng Yuan Kuang Chan@f朱训主编@FZhu Xun Zhu Bian |
| 210 | @a北京@c科学出版社@d1999.7 | |
| 215 | @a639页@d16开 | |
| 517 | @a总论.能源矿产@AZong Lun.Neng Yuan Kuang Chan | |
| 606 | 0 | @a工业经济@y中国 |
| 690 | @aF426.1@v1 | |
| 701 | 0 | @a朱训@4主编 |
| 801 | @aCN@bTSTC@c20010227 | |
| 905 | @b295002-006@dF426.1@e44:1@f5 | |
| 中国矿情.第一卷:总论.能源矿产/朱训主编.-北京:科学出版社,1999.7 |
| 639页;16开 |
| ISBN 7-03-007149-2(精装):CNY98.00 |
| ● |
| 相关链接 |
|
|
|
|
正题名:中国矿情
索取号:F426.1/44:1
 
预约/预借
| 序号 | 登录号 | 条形码 | 馆藏地/架位号 | 状态 | 备注 |
| 1 | 0295002 | 002950024 | 第一借阅区/ [索取号:F426.1/44:1] | 在馆 | |
| 2 | 0295003 | 002950033 | 第一借阅区/ [索取号:F426.1/44:1] | 在馆 | |
| 3 | 0295004 | 002950042 | 密集书库/ [索取号:F426.1/44:1] | 在馆 | |
| 4 | 0295005 | 002950051 | 密集书库/ [索取号:F426.1/44:1] | 在馆 | |
| 5 | 0295006 | 002950060 | 第一样本阅览室/ [索取号:F426.1/44:1] | 在馆 | |
| 6 | 0295009 | 002950097 | 第一借阅区/ [索取号:F426.1/44:1] | 在馆 |